00914nam a22002177a 450000500170000000800410001701700570005802000180011504000130013308200260014610000330017224501130020526000740031830000250039249000340041750400600045165000530051194200120056499900170057695201030059320240530110532.0160322s2012 ua g b 000 f ara d a2012/3328bمصر . دار الكتب المصرية a9789774990670 aEG-CaGPL04221a813.009\bإ ر0 aادريس الخضراوى 12aالرواية العربية و اسئلة ما بعد الاستعمار /cادريس الخضراوى  aالقاهرة : bرؤية للنشر و التوزيع ،c2012 . a319 ص ؛c19 سم . aالسرد العربى ؛v4 aيشتمل على ارجاعات ببليوجرافية04aالقصص العربية xتاريخ و نقد 2ddccBK c62117d62117 00104070aCAIbCAId2016-03-22l0o813.009\ إ رp161669r2016-03-22 00:00:00w2016-03-22yBK